[Event "XXVI Miedzynarodowy Festiwal Szachowy w Poznaniu - OPEN A"]
[Site "Poznan"]
[Date "2018-08-25"]
[Round "8.31"]
[White "Kaluzny, Jan "]
[Black "Szymanski, Zbigniew"]
[Result "1/2-1/2"]
[WhiteTitle ""]
[BlackTitle ""]
[WhiteElo "1375"]
[BlackElo "1804"]

1. e4 c5 2. Nf3 e6 3. d4 cxd4 4. Nxd4 Qb6 5. a3 Bc5 6. c3 Nc6 7. b4 Bxd4 8. cxd4
Nxd4 9. Be3 e5 10. Bc4 Nf6 11. Nc3 Qc6 12. Qd3 Nc2+ 13. Qxc2 Qxc4 14. Rc1 b6 15.
Bg5 Bb7 16. Bxf6 gxf6 17. f3 Rc8 18. Qd2 Qe6 19. O-O O-O 20. Rfd1 Rfd8 21. Nb5
Rxc1 22. Rxc1 Bc6 23. Nxa7 Ra8 24. Nxc6 dxc6 25. Qc3 Rc8 26. Qc4 Qxc4 27. Rxc4
Kf8 28. Kf2 Ke7 29. Ke3 Kd6 30. Kd3 Ra8 31. Rc3 h5 32. Kc4 h4 33. h3 Rg8 34. Rc2
Ra8 35. Ra2 b5+ 36. Kb3 c5 37. Rd2+ Kc6 38. bxc5 Kxc5 39. Rd5+ Kc6 40. Rd2 Rg8
1/2-1/2

[Event "XXVI Miedzynarodowy Festiwal Szachowy w Poznaniu - OPEN A"]
[Site "Poznan"]
[Date "2018-08-25"]
[Round "8.32"]
[White "Lesien, Przemyslaw "]
[Black "Hoffmann, Piotr"]
[Result "1-0"]
[WhiteTitle ""]
[BlackTitle ""]
[WhiteElo "1793"]
[BlackElo "1649"]

1. e4 e5 2. Nf3 Nc6 3. Bc4 Nf6 4. O-O Nxe4 5. Bd5 Nf6 6. Bxc6 dxc6 7. Nxe5 Bc5
8. c3 O-O 9. d4 Bd6 10. Bg5 Bxe5 11. dxe5 Qxd1 12. Rxd1 Ne4 13. Be3 f6 14. f3
Ng5 15. Bxg5 fxg5 16. Nd2 g4 17. Kf2 Be6 18. Ke3 gxf3 19. gxf3 Rad8 20. b3 Rd7
21. Ne4 b6 22. Rxd7 Bxd7 23. Rg1 Bf5 24. Nf6+ Kf7 25. Nh5 Bg6 26. Nf4 Bf5 27.
e6+ Kg8 28. Nh5 Bg6 29. Nf4 Bf5 30. Rg5 g6 31. Kd4 Bb1 32. Nh5 Kh8 33. Nf6 Rxf6
34. e7 Re6 35. Re5 Rxe7 36. Rxe7 Bxa2 37. b4 a5 38. bxa5 bxa5 39. Rxc7 Bd5 40.
f4 a4 41. c4 Bf3 42. Ra7 Bd1 43. Kc5 Bb3 44. Kb4 h6 45. Rc7 g5 46. f5 Bc2 47.
f6 Be4 48. Kxa4 h5 49. Rg7 g4 50. Rg5 g3 51. hxg3 h4 1-0

[Event "XXVI Miedzynarodowy Festiwal Szachowy w Poznaniu - OPEN A"]
[Site "Poznan"]
[Date "2018-08-25"]
[Round "8.33"]
[White "Grochowski, Michal "]
[Black "Huchwajda, Grzegorz"]
[Result "1-0"]
[WhiteTitle ""]
[BlackTitle ""]
[WhiteElo "1781"]
[BlackElo "1531"]

1. e4 c5 2. b3 d6 3. Bb2 e6 4. f4 Nc6 5. Bb5 Bd7 6. Nf3 a6 7. Bxc6 Bxc6 8. d3 Nf6
9. Qe2 Be7 10. Nbd2 b5 11. c4 O-O 12. O-O Qb6 13. Kh1 Rfe8 14. Ng5 h6 15. Nh3
d5 16. e5 Nh7 17. f5 d4 18. f6 gxf6 19. Rae1 f5 20. Qh5 Bf8 21. Bc1 Qb7 22. Nf3
f6 23. Bxh6 Qf7 24. Qh4 Qg6 25. Bxf8 Kxf8 26. exf6 Nxf6 27. Nf4 Qf7 28. Ne5 Bxg2+
29. Kxg2 Qb7+ 30. Kf2 Ng4+ 31. Nxg4 fxg4 32. Qh8+ 1-0

[Event "XXVI Miedzynarodowy Festiwal Szachowy w Poznaniu - OPEN A"]
[Site "Poznan"]
[Date "2018-08-25"]
[Round "8.34"]
[White "Kacprzak, Kacper "]
[Black "Tadych, Szymon "]
[Result "1-0"]
[WhiteTitle ""]
[BlackTitle ""]
[WhiteElo "1768"]
[BlackElo "1468"]

1. e4 e5 2. Nf3 Nf6 3. Nxe5 d6 4. Nf3 Nxe4 5. Nc3 Nxc3 6. dxc3 Bg4 7. Bd3 Be7 8.
Be3 Nc6 9. Qd2 Bxf3 10. gxf3 Ne5 11. Be2 Qd7 12. O-O-O Qc6 13. Rhg1 Bf6 14. Bd4
O-O-O 15. Qf4 Kb8 16. Qf5 Qd7 17. Qxd7 Rxd7 18. f4 Nc6 19. Bxf6 gxf6 20. Rg7 Nd8
21. f5 Re7 22. Bd3 c6 23. Rdg1 Ree8 24. h4 Kc7 25. h5 a6 26. h6 b5 27. Kd2 d5
28. a4 Kb6 29. axb5 axb5 30. Re1 Rxe1 31. Kxe1 Kc5 32. Be2 Kd6 33. f4 Ke7 34.
Bh5 Ke8 35. Kd2 Kd7 36. Ke3 Ke8 37. Kd4 Ke7 38. Kc5 Rf8 39. Rxh7 Rg8 40. Rg7 Rh8
41. h7 Kf8 42. Rg8+ Rxg8 43. hxg8=Q+ Kxg8 44. Kb6 Kf8 45. Kc7 c5 46. Kxd8 c4 47.
Bf3 b4 48. cxb4 d4 49. b5 1-0

[Event "XXVI Miedzynarodowy Festiwal Szachowy w Poznaniu - OPEN A"]
[Site "Poznan"]
[Date "2018-08-25"]
[Round "8.35"]
[White "Szczepaniak, Artur "]
[Black "Aleshko, Margarita "]
[Result "1/2-1/2"]
[WhiteTitle ""]
[BlackTitle ""]
[WhiteElo "1677"]
[BlackElo "1219"]

1. e4 e6 2. d4 d5 3. Nc3 Bb4 4. e5 c5 5. a3 Bxc3+ 6. bxc3 Ne7 7. f4 Qc7 8. Nf3
b6 9. Bd2 Ba6 10. Bxa6 Nxa6 11. Qe2 Nb8 12. O-O Nbc6 13. Be3 cxd4 14. Bxd4 Rc8
15. Rfc1 Nf5 16. g4 Nfxd4 17. Nxd4 Nxd4 18. cxd4 Qc4 19. Qf2 Qc3 20. Kg2 Rc4 21.
Rd1 Qxc2 22. Rdc1 Qxf2+ 23. Kxf2 O-O 24. Rxc4 dxc4 25. Rc1 b5 26. Ke3 f6 27. Ke4
Kf7 28. f5 exf5+ 29. gxf5 fxe5 30. dxe5 Rd8 31. a4 a6 32. axb5 axb5 33. Ra1 Ke7
34. Rg1 Kf7 35. Ra1 Ke7 36. Rg1 Kf7 37. Ra1 1/2-1/2

[Event "XXVI Miedzynarodowy Festiwal Szachowy w Poznaniu - OPEN A"]
[Site "Poznan"]
[Date "2018-08-25"]
[Round "8.38"]
[White "Zatylny, Jan "]
[Black "Zarzycki, Lukasz "]
[Result "1/2-1/2"]
[WhiteTitle ""]
[BlackTitle ""]
[WhiteElo "1548"]
[BlackElo "1130"]

1. d4 d5 2. c4 dxc4 3. e3 Nf6 4. Bxc4 e6 5. a3 c5 6. Nf3 a6 7. O-O b5 8. Be2 Nc6
9. dxc5 Qxd1 10. Rxd1 Bxc5 11. b4 Be7 12. Bb2 O-O 13. Ne5 Nxe5 14. Bxe5 Nd7 15.
Bb2 Rd8 16. Bf3 Rb8 17. Nd2 Bb7 18. Bxb7 Rxb7 19. Nf3 Rc7 20. Rac1 Rxc1 21. Rxc1
Nb6 22. Bd4 Nc4 23. Ra1 Bf6 24. Bxf6 gxf6 25. Kf1 Rd3 26. a4 Rb3 27. axb5 axb5
28. Ra8+ Kg7 29. Rb8 Rxb4 30. Nd4 Rb1+ 31. Ke2 Rb2+ 32. Kf3 Nd2+ 33. Kg3 Ne4+
34. Kf3 Nxf2 35. Rxb5 Rxb5 36. Nxb5 Nd3 37. Nd6 Ne5+ 38. Ke2 f5 39. h3 Kg6 40.
Kf2 f6 41. g3 Nf7 42. Nb5 Ng5 43. Kg2 Ne4 44. Kf3 h6 45. h4 Nd2+ 46. Kg2 Nc4 47.
Kf3 e5 48. Nc3 Nd6 49. Nd5 Ne8 50. Ne7+ Kf7 51. Nxf5 Ng7 52. Nd6+ Kg6 53. Nc4
h5 54. g4 hxg4+ 55. Kxg4 Nf5 56. Kf3 1/2-1/2

[Event "XXVI Miedzynarodowy Festiwal Szachowy w Poznaniu - OPEN A"]
[Site "Poznan"]
[Date "2018-08-25"]
[Round "8.40"]
[White "Zurawski, Mateusz"]
[Black "Cichon, Ludwik "]
[Result "1-0"]
[WhiteTitle ""]
[BlackTitle ""]
[WhiteElo "1492"]
[BlackElo "1139"]

1. e4 e5 2. Nf3 Nc6 3. Bc4 d6 4. O-O Bd7 5. Re1 Nf6 6. c3 a6 7. Bf1 Be7 8. d4 exd4
9. cxd4 O-O 10. Nc3 Bg4 11. Be3 h6 12. Be2 Nh7 13. Qd2 Rb8 14. Nd5 Bxf3 15. Nxe7+
Qxe7 16. Bxf3 Nd8 17. d5 b6 18. Rac1 f6 19. Rc3 Ng5 20. Bxg5 hxg5 21. Rec1 Rb7
22. Qc2 c5 23. dxc6 Rc7 24. Qb3+ Qe6 25. Qxb6 Qc8 26. h3 g6 27. Be2 a5 28. Ba6
Nb7 29. cxb7 Qxb7 30. Bxb7 Rxc3 31. Rxc3 Kh7 32. Qxd6 Rg8 33. Rc8 Rg7 34. Rc7
Rxc7 35. Qxc7+ Kh6 36. e5 fxe5 37. Qxe5 Kh7 38. Qxg5 a4 39. Be4 Kg8 40. Bxg6 a3
41. Qf6 axb2 42. Qf7+ Kh8 43. Qh7# 1-0

[Event "XXVI Miedzynarodowy Festiwal Szachowy w Poznaniu - OPEN A"]
[Site "Poznan"]
[Date "2018-08-25"]
[Round "8.42"]
[White "Wojdak, Karol"]
[Black "Nicikowski, Jozef"]
[Result "1-0"]
[WhiteTitle ""]
[BlackTitle ""]
[WhiteElo "1408"]
[BlackElo "1459"]

1. e4 e5 2. Nf3 Nf6 3. Nxe5 d6 4. Nf3 Nxe4 5. d3 Nf6 6. Nc3 Be7 7. Be2 O-O 8. O-O
Re8 9. Re1 h6 10. h3 Nbd7 11. d4 d5 12. Bf4 Bb4 13. Bd3 Ne4 14. Nxd5 Bxe1 15.
Bxc7 Bxf2+ 16. Kf1 Bxd4 17. Bxe4 Bb6 18. Bxd8 Bxd8 19. Bf5 Nc5 20. Bxc8 Rxc8 21.
c3 h5 22. Qc2 h4 23. Re1 Ne6 24. Qa4 Bb6 25. Nxb6 axb6 26. Qxh4 Rc5 27. Nd4 Rf8
28. Kg1 Rc4 29. Re4 Nc5 30. Re5 g6 31. Qg3 Nd7 32. Re7 Nf6 33. Qe1 Nh5 34. Re8
Rc8 35. Rxf8+ Rxf8 36. Kf2 Ng7 37. Qe7 Re8 38. Qxb7 Nh5 39. Qxb6 Nf4 40. a4 Nd3+
41. Kg3 g5 42. Nf5 Nf4 43. Qh6 Ne6 44. Qf6 1-0

[Event "XXVI Miedzynarodowy Festiwal Szachowy w Poznaniu - OPEN A"]
[Site "Poznan"]
[Date "2018-08-25"]
[Round "8.43"]
[White "Trochimowicz, Bartosz"]
[Black "Zielinski, Tomasz"]
[Result "0-1"]
[WhiteTitle ""]
[BlackTitle ""]
[WhiteElo "1302"]
[BlackElo "1382"]

1. d4 e6 2. Bf4 Nf6 3. e3 d5 4. Bd3 c5 5. c3 Be7 6. Nd2 Nbd7 7. Ngf3 b6 8. O-O
O-O 9. Ne5 Bb7 10. Qf3 c4 11. Bc2 b5 12. g4 Nxe5 13. Bxe5 Nd7 14. Qh3 g6 15. Bg3
a5 16. f4 b4 17. g5 bxc3 18. bxc3 Rb8 19. Qg4 Bc6 20. Rab1 Ba3 21. Nf3 Bb2 22.
Be1 a4 23. Ne5 Nxe5 24. fxe5 Kg7 25. Qf3 Qxg5+ 26. Qg3 Qxg3+ 27. hxg3 a3 28. g4
Ra8 29. Bd2 Ba4 30. Bxa4 Rxa4 31. g5 Raa8 32. Kf2 h6 33. gxh6+ Kxh6 34. e4+ Kg7
35. exd5 exd5 36. Bg5 Rg8 37. Bf6+ Kf8 38. Kg3 Ke8 39. Bg5 Rh8 40. Rf3 Rh5 41.
Kg4 Ra7 42. Rbf1 Rh2 43. e6 f5+ 44. Kg3 Rah7 45. Kf4 Re2 46. e7 Re4+ 47. Kg3 Rg4+
48. Kf2 Rxg5 49. Re1 Rh2+ 50. Ke3 Rg4 51. Rf4 Rh3+ 52. Rf3 Re4+ 53. Kf2 Rxf3+
54. Kxf3 Rxe1 0-1

[Event "XXVI Miedzynarodowy Festiwal Szachowy w Poznaniu - OPEN A"]
[Site "Poznan"]
[Date "2018-08-25"]
[Round "8.45"]
[White "Nowak, Roksana "]
[Black "Plichta, Olga"]
[Result "1-0"]
[WhiteTitle ""]
[BlackTitle ""]
[WhiteElo "1329"]
[BlackElo "1244"]

1. f4 d5 2. Nf3 h6 3. b3 Bf5 4. Bb2 c5 5. e3 a6 6. Be2 e6 7. h3 Nd7 8. O-O Ngf6
9. d3 Be7 10. Nbd2 O-O 11. Ne5 Nxe5 12. Bxe5 Nd7 13. Bb2 Bf6 14. Bxf6 Qxf6 15.
Kh2 b5 16. c4 Rfd8 17. e4 dxe4 18. dxe4 Bh7 19. cxb5 axb5 20. Bxb5 Nb6 21. e5
Qe7 22. Qe1 Qb7 23. a4 Rd4 24. Rc1 Nd5 25. Rxc5 Nxf4 26. Nf3 Rad8 27. Qf2 Qe7
28. Nxd4 Qxc5 29. Nc6 Qxf2 30. Rxf2 Nd3 31. Nxd8 Nxf2 32. a5 Be4 33. Nc6 Nd1 34.
a6 1-0

[Event "XXVI Miedzynarodowy Festiwal Szachowy w Poznaniu - OPEN A"]
[Site "Poznan"]
[Date "2018-08-25"]
[Round "8.46"]
[White "Kaluzny, Stanislaw "]
[Black "Pietras, Igor"]
[Result "0-1"]
[WhiteTitle ""]
[BlackTitle ""]
[WhiteElo "1321"]
[BlackElo "1140"]

1. e4 c5 2. Nf3 e6 3. d4 cxd4 4. Nxd4 a6 5. c4 Qc7 6. Nc3 b6 7. Be3 Bb7 8. Be2
Nf6 9. f3 Nc6 10. O-O Be7 11. Qe1 O-O 12. Rd1 Na5 13. b3 Rfc8 14. Rc1 Bb4 15.
Bd2 Bc5 16. Be3 Nc6 17. Nc2 Bxe3+ 18. Nxe3 Rd8 19. Qh4 Ne5 20. Kh1 Ng6 21. Qf2
Bc6 22. Bd3 Qd6 23. Rcd1 Qb4 24. Ne2 d6 25. Nd4 Qc5 26. Bb1 Rac8 27. Qg3 b5 28.
h3 Nh5 29. Qf2 bxc4 30. Nxc4 Bb5 31. Bd3 Bxc4 32. Bxc4 a5 33. Qd2 d5 34. Ba6 Ra8
35. Rc1 Qb6 36. Rc6 Qb4 37. Qxb4 axb4 38. exd5 Ng3+ 39. Kg1 Nxf1 40. Kxf1 Rxd5
41. Nc2 Rb8 42. Rc7 h6 43. Bb7 Re5 44. Ba6 Rd8 45. Nxb4 Rd1+ 46. Kf2 Rd2+ 47.
Kf1 Nf4 48. g3 Nxh3 49. Be2 0-1

[Event "XXVI Miedzynarodowy Festiwal Szachowy w Poznaniu - OPEN A"]
[Site "Poznan"]
[Date "2018-08-25"]
[Round "8.47"]
[White "Korzystka, Wiktor"]
[Black "Lesien, Tymoteusz"]
[Result "1-0"]
[WhiteTitle ""]
[BlackTitle ""]
[WhiteElo "1261"]
[BlackElo "1147"]

1. e4 c5 2. Nf3 Nc6 3. d4 cxd4 4. Nxd4 g6 5. Nc3 Bg7 6. Be3 Nf6 7. Bc4 O-O 8. Qd2
a6 9. O-O-O Qc7 10. Bb3 b5 11. f3 e6 12. g4 Na5 13. h4 Ne8 14. h5 Nd6 15. hxg6
fxg6 16. Qh2 Kf7 17. Bf4 Nxb3+ 18. Nxb3 Qc4 19. Bxd6 Re8 20. Qxh7 Rh8 21. Qxh8
Bxh8 22. Rxh8 Qc6 23. Bf4 b4 24. Rdh1 e5 25. R1h7+ Ke6 26. Re8+ 1-0

[Event "XXVI Miedzynarodowy Festiwal Szachowy w Poznaniu - OPEN A"]
[Site "Poznan"]
[Date "2018-08-25"]
[Round "8.49"]
[White "Cichon, Mieczyslaw "]
[Black "Stanislawski, Karol"]
[Result "1-0"]
[WhiteTitle ""]
[BlackTitle ""]
[WhiteElo "1199"]
[BlackElo "1104"]

1. d4 f5 2. Nf3 Nf6 3. Nc3 g6 4. e3 Bg7 5. Bd3 O-O 6. e4 fxe4 7. Nxe4 Nc6 8. c3
Nxe4 9. Bxe4 d5 10. Bd3 Bg4 11. Be2 e6 12. h3 Bxf3 13. Bxf3 Qh4 14. O-O Rf7 15.
Be3 Raf8 16. Bg4 Qe7 17. Qd2 Na5 18. Rfe1 Nc4 19. Qc1 Nxe3 20. Qxe3 e5 21. dxe5
Rf4 22. e6 Re4 23. Qxa7 Rxe1+ 24. Rxe1 b6 25. Qb7 Qc5 26. Bf3 d4 27. Bd5 Kh8 28.
cxd4 Bxd4 29. Re2 Qc1+ 30. Kh2 Be5+ 31. g3 Bxg3+ 32. Kxg3 Qg5+ 33. Kh2 Qf4+ 34.
Kg2 Qg5+ 35. Kf1 Qc1+ 36. Re1 Qd2 37. Bf3 Qd3+ 38. Kg2 Qd8 39. Qe4 Qg5+ 40. Qg4
Qd2 41. Re2 Qd6 42. Qg5 Rf5 43. Qd2 Qf8 44. Qd4+ Kg8 45. e7 Qe8 46. Bd5+ Rxd5
47. Qxd5+ Kg7 48. Re4 Kh6 49. Qe6 Kg7 50. Rf4 h5 51. Qe5+ Kg8 52. Rf8+ Qxf8 53.
exf8=Q+ Kxf8 54. Qxc7 h4 55. Kf3 g5 56. Kg4 b5 57. Kxg5 b4 58. Kf6 Ke8 59. Qe7#
1-0

[Event "XXVI Miedzynarodowy Festiwal Szachowy w Poznaniu - OPEN A"]
[Site "Poznan"]
[Date "2018-08-26"]
[Round "9.2"]
[White "Zakrzewski, Marek"]
[Black "Urban, Klaudiusz "]
[Result "1/2-1/2"]
[WhiteTitle ""]
[BlackTitle ""]
[WhiteElo "2333"]
[BlackElo "2424"]

1. e4 c5 2. Nf3 g6 3. d4 cxd4 4. Nxd4 Nc6 5. c4 Nf6 6. Nc3 d6 7. Be2 Nxd4 8. Qxd4
Bg7 9. Be3 O-O 10. Qd2 Be6 11. Rc1 a5 1/2-1/2

[Event "XXVI Miedzynarodowy Festiwal Szachowy w Poznaniu - OPEN A"]
[Site "Poznan"]
[Date "2018-08-26"]
[Round "9.3"]
[White "Orzechowski, Jacek "]
[Black "Sieciechowicz, Marcin"]
[Result "1/2-1/2"]
[WhiteTitle ""]
[BlackTitle ""]
[WhiteElo "2131"]
[BlackElo "2424"]

1. c4 c6 2. d4 d5 3. cxd5 cxd5 4. Bg5 Nf6 5. Bxf6 gxf6 6. Nc3 Nc6 7. e3 a6 8. Rc1
e6 9. Nf3 b5 10. Bd3 Bb7 11. O-O Bd6 12. a3 f5 13. b4 Rg8 14. Re1 Ne7 15. Bf1
Nc8 16. Qb3 Nb6 17. a4 bxa4 18. Nxa4 Nxa4 19. Qxa4+ Qd7 20. Qa5 f6 21. b5 axb5
22. Qxb5 Qxb5 23. Bxb5+ Ke7 24. Bc6 Rab8 25. Bxb7 Rxb7 26. Rb1 Rgb8 27. Rxb7+
Rxb7 28. g3 Kf7 1/2-1/2

[Event "XXVI Miedzynarodowy Festiwal Szachowy w Poznaniu - OPEN A"]
[Site "Poznan"]
[Date "2018-08-26"]
[Round "9.4"]
[White "Chojnacki, Krzysztof "]
[Black "Kulon, Klaudia "]
[Result "1-0"]
[WhiteTitle ""]
[BlackTitle ""]
[WhiteElo "2352"]
[BlackElo "2355"]

1. d4 Nf6 2. c4 g6 3. Nc3 Bg7 4. e4 d6 5. f4 O-O 6. Nf3 c5 7. d5 e6 8. dxe6 Bxe6
9. Bd3 Nc6 10. O-O a6 11. f5 Bc8 12. Qe1 Ng4 13. Nd5 Re8 14. Qg3 Nge5 15. Nxe5
Bxe5 16. Bf4 Nb4 17. Bxe5 Rxe5 18. a3 Nxd5 19. exd5 Qe8 20. Rf3 b5 21. Raf1 bxc4
22. fxg6 fxg6 23. Bxc4 Bb7 24. Rf6 Bxd5 25. Bxd5+ Rxd5 26. Qb3 Qc6 27. Qf3 c4
28. Rf8+ Kg7 29. Rf7+ Kh6 30. Qe3+ Rg5 31. R1f3 Qc5 32. Rh3# 1-0

[Event "XXVI Miedzynarodowy Festiwal Szachowy w Poznaniu - OPEN A"]
[Site "Poznan"]
[Date "2018-08-26"]
[Round "9.5"]
[White "Schmidt, Wlodzimierz "]
[Black "Bednarska-bzdega, Malgorzata "]
[Result "1/2-1/2"]
[WhiteTitle ""]
[BlackTitle ""]
[WhiteElo "2258"]
[BlackElo "1984"]

1. Nf3 Nf6 2. c4 c5 3. Nc3 Nc6 4. d4 cxd4 5. Nxd4 g6 6. e4 Bg7 7. Be3 d6 8. Be2
O-O 9. O-O Bd7 10. Qd2 Nxd4 11. Bxd4 Bc6 12. f3 a5 13. Rab1 Nd7 14. Be3 f5 15.
exf5 gxf5 16. Nd5 e6 17. Rfd1 exd5 18. cxd5 Qe7 19. dxc6 1/2-1/2

[Event "XXVI Miedzynarodowy Festiwal Szachowy w Poznaniu - OPEN A"]
[Site "Poznan"]
[Date "2018-08-26"]
[Round "9.6"]
[White "Khamitskiy, Sergei "]
[Black "Michalski, Karol "]
[Result "1-0"]
[WhiteTitle ""]
[BlackTitle ""]
[WhiteElo "2233"]
[BlackElo "1983"]

1. d4 d5 2. c4 e6 3. Nf3 c6 4. Nc3 Nd7 5. e4 dxe4 6. Nxe4 Ngf6 7. Nxf6+ Qxf6 8.
a3 h6 9. Bd3 Bd6 10. Qe2 a5 11. Bd2 a4 12. O-O Qe7 13. Bc2 b6 14. Rfe1 Bb7 15.
Bc3 Nf6 16. Qd3 Nh5 17. Rad1 Nf4 18. Qe3 g5 19. Ne5 Rg8 20. Qf3 Qc7 21. Bh7 Rg7
22. Be4 Rc8 23. g3 Nh3+ 24. Kf1 Be7 25. Qh5 g4 26. Qxh6 Bf8 27. d5 cxd5 28. cxd5
Ng5 29. Bg2 Rg8 30. Qh5 Rd8 31. Nxg4 Be7 32. h4 Qc4+ 33. Kg1 Nh7 34. dxe6 Rxd1
35. Qxf7+ Rd2 1-0

[Event "XXVI Miedzynarodowy Festiwal Szachowy w Poznaniu - OPEN A"]
[Site "Poznan"]
[Date "2018-08-26"]
[Round "9.7"]
[White "Poltorak, Sebastian"]
[Black "Malyovanyi, Yulian "]
[Result "1/2-1/2"]
[WhiteTitle ""]
[BlackTitle ""]
[WhiteElo "1854"]
[BlackElo "2188"]

1. d4 Nf6 2. c4 g6 3. Nc3 Bg7 4. e4 d6 5. f3 O-O 6. Nge2 c5 7. d5 Na6 8. g4 Nc7
9. Ng3 e6 10. Be3 exd5 11. cxd5 b5 12. Qd2 b4 13. Nd1 Re8 14. Be2 Ba6 15. Bxa6
Nxa6 16. O-O Nc7 17. Bg5 Nb5 18. Kh1 Qc7 19. Bxf6 Bxf6 20. Ne3 a5 21. f4 a4 22.
g5 Bd4 23. Rac1 a3 24. b3 Bxe3 25. Qxe3 Nc3 26. Rxc3 bxc3 27. Qxc3 Qa5 28. Qf3
Qb4 1/2-1/2

[Event "XXVI Miedzynarodowy Festiwal Szachowy w Poznaniu - OPEN A"]
[Site "Poznan"]
[Date "2018-08-26"]
[Round "9.8"]
[White "Garbowski, Jakub "]
[Black "Sobczak, Miroslaw"]
[Result "1-0"]
[WhiteTitle ""]
[BlackTitle ""]
[WhiteElo "2129"]
[BlackElo "1955"]

1. e4 e6 2. d4 d5 3. Nd2 Nf6 4. e5 Nfd7 5. Bd3 c5 6. c3 Nc6 7. Ne2 cxd4 8. cxd4
f6 9. exf6 Nxf6 10. Nf3 Bd6 11. O-O O-O 12. Bf4 Nh5 13. Bxd6 Qxd6 14. Qc2 Nf6
15. a3 e5 16. dxe5 Nxe5 17. Nxe5 Qxe5 18. Ng3 Bd7 19. Qd2 Kh8 20. Qb4 Bc6 21.
Rae1 Qc7 22. Re7 Qb6 23. Qxb6 axb6 24. Nf5 Rae8 25. Rfe1 Rxe7 26. Rxe7 Re8 27.
Rxe8+ Nxe8 28. f3 g6 29. Nd4 Kg7 30. Kf2 Kf6 31. Ke3 Nd6 32. b3 Bd7 33. h4 Be8
34. g4 h6 35. f4 Bd7 36. g5+ hxg5 37. fxg5+ Kg7 38. Kf4 Nf7 39. Nf3 Nd8 40. Ke5
Nf7+ 41. Kd4 Nd8 42. Ne5 Be8 43. Kxd5 1-0

[Event "XXVI Miedzynarodowy Festiwal Szachowy w Poznaniu - OPEN A"]
[Site "Poznan"]
[Date "2018-08-26"]
[Round "9.9"]
[White "Nowak, Mikolaj "]
[Black "Kozlowski, Tomasz"]
[Result "1-0"]
[WhiteTitle ""]
[BlackTitle ""]
[WhiteElo "2101"]
[BlackElo "1858"]

1. Nf3 Nf6 2. c4 c5 3. Nc3 d5 4. cxd5 Nxd5 5. g3 Nc6 6. Bg2 Nxc3 7. bxc3 e5 8.
d3 Be7 9. O-O O-O 10. Rb1 Qc7 11. Be3 Rd8 12. Qa4 Bd7 13. Qb3 b6 14. Nd2 Na5 15.
Qb2 Bc6 16. Bxc6 Qxc6 17. c4 Qe6 18. Ne4 f5 19. Nc3 Bf6 20. Nd5 Rd7 21. Bd2 Nc6
22. Bc3 Nd4 23. Kg2 Rf8 24. e3 Nc6 25. f3 g5 26. e4 f4 27. g4 Bd8 28. h3 h5 29.
Be1 Rh7 30. Bf2 Kf7 31. Rh1 Rfh8 32. a3 Nd4 33. Bxd4 exd4 34. Qe2 Qe5 35. a4 Rh6
36. a5 hxg4 37. fxg4 Bc7 38. axb6 Bxb6 39. Ra1 Qb8 40. Qd1 R8h7 41. Ra2 Ke6 42.
Qa4 f3+ 43. Kf2 Qd8 44. Kxf3 Rf7+ 45. Kg2 Rh8 46. Rf2 Rxf2+ 47. Kxf2 Qd6 48. Kg2
Rf8 49. e5 Qd8 50. Qc6+ Kf7 51. e6+ Kg7 52. e7 1-0

[Event "XXVI Miedzynarodowy Festiwal Szachowy w Poznaniu - OPEN A"]
[Site "Poznan"]
[Date "2018-08-26"]
[Round "9.10"]
[White "Jaroch, Karol"]
[Black "Kupsik, Joanna "]
[Result "1-0"]
[WhiteTitle ""]
[BlackTitle ""]
[WhiteElo "2222"]
[BlackElo "1732"]

1. c4 c5 2. g3 Nc6 3. Bg2 e5 4. Nc3 g6 5. e3 Bg7 6. Nge2 d6 7. a3 a5 8. Qa4 Nge7
9. b4 O-O 10. bxc5 dxc5 11. Qb5 Bd7 12. Qxc5 b6 13. Qd6 Rc8 14. Rb1 Rb8 15. Nd5
Nf5 16. Qc7 Nce7 17. Qxd8 Rfxd8 18. Rxb6 Nxd5 19. Rxb8 Rxb8 20. Bxd5 Ne7 21. Bg2
f5 22. d3 Nc8 23. f4 Nd6 24. fxe5 Bxe5 25. Bd2 Rb3 26. d4 Bf6 27. Bd5+ 1-0

[Event "XXVI Miedzynarodowy Festiwal Szachowy w Poznaniu - OPEN A"]
[Site "Poznan"]
[Date "2018-08-26"]
[Round "9.11"]
[White "Raczynski, Krzysztof "]
[Black "Wojdak, Jan"]
[Result "1-0"]
[WhiteTitle ""]
[BlackTitle ""]
[WhiteElo "2111"]
[BlackElo "1818"]

1. e4 c5 2. Nf3 Nc6 3. d4 cxd4 4. Nxd4 Nf6 5. Nc3 d6 6. Bg5 e6 7. Qd2 a6 8. O-O-O
Bd7 9. f4 h6 10. Bh4 Nxe4 11. Qe1 Nf6 12. Nf5 Qa5 13. Nxd6+ Bxd6 14. Rxd6 O-O-O
15. Rd1 Be8 16. Rxd8+ Nxd8 17. Bxf6 gxf6 18. Qh4 f5 19. Be2 Bc6 20. Qg3 Qc7 21.
Rd1 f6 22. Qf2 Rg8 23. g3 Rg7 24. Qd4 Rf7 25. Bc4 Bd7 26. Bb3 Nc6 27. Qe3 Re7
28. Na4 Kb8 29. Nb6 Bc8 30. Rd3 h5 31. Ba4 Nb4 32. Rd2 Nd5 33. Nxd5 exd5 34. Qf2
Be6 35. Bb3 Qc6 36. Re2 Rd7 37. Qd4 Bf7 38. c3 Qd6 39. Bc2 Rc7 40. Bd3 Bg6 41.
Kd2 Rd7 42. a3 Rd8 43. Qb4 Qxb4 44. axb4 h4 45. Re6 hxg3 46. hxg3 Rf8 47. Ke3
Kc7 48. Re7+ Kc6 49. Kd4 Bh5 50. Bxf5 Rg8 51. Be6 Rxg3 52. Bxd5+ Kd6 53. Rxb7
Be2 54. c4 1-0

[Event "XXVI Miedzynarodowy Festiwal Szachowy w Poznaniu - OPEN A"]
[Site "Poznan"]
[Date "2018-08-26"]
[Round "9.12"]
[White "Leskiewicz, Ignacy "]
[Black "Norov, Artem "]
[Result "1-0"]
[WhiteTitle ""]
[BlackTitle ""]
[WhiteElo "1964"]
[BlackElo "1905"]

1. e4 d5 2. exd5 Qxd5 3. Nc3 Qd6 4. d4 Nf6 5. Nf3 g6 6. g3 c6 7. Bf4 Qb4 8. a3
Qb6 9. b4 Bg7 10. Bg2 O-O 11. O-O Qd8 12. Ne5 Nd5 13. Nxd5 cxd5 14. c4 Be6 15.
Re1 Nc6 16. c5 a6 17. Rb1 Qc8 18. a4 Rd8 19. Rb3 Kf8 20. Nxc6 bxc6 21. Rbe3 Ra7
22. Rxe6 fxe6 23. Bh3 Qb7 24. Bd2 Kg8 25. Bxe6+ Kh8 26. h4 Rf8 27. h5 Bxd4 28.
hxg6 Qb8 29. Qg4 Bxf2+ 30. Kg2 Qxg3+ 31. Qxg3 Bxg3 32. Bc3+ Rf6 33. Kxg3 hxg6
34. Bxf6+ exf6 35. Bc8 Kg7 36. Re8 f5 37. Rd8 Kf6 38. Rd6+ Ke5 39. Rxg6 a5 40.
b5 cxb5 41. axb5 Rc7 42. c6 d4 43. Bd7 d3 44. Kf3 a4 45. b6 a3 46. bxc7 d2 47.
Rg1 1-0

[Event "XXVI Miedzynarodowy Festiwal Szachowy w Poznaniu - OPEN A"]
[Site "Poznan"]
[Date "2018-08-26"]
[Round "9.13"]
[White "Duszczak, Dariusz"]
[Black "Huchwajda, Lukasz"]
[Result "0-1"]
[WhiteTitle ""]
[BlackTitle ""]
[WhiteElo "1845"]
[BlackElo "1945"]

1. e4 e6 2. d4 d5 3. Nd2 Nf6 4. e5 Nfd7 5. f4 c5 6. c3 Nc6 7. Ndf3 Qb6 8. Ne2 Be7
9. g3 O-O 10. Bh3 cxd4 11. cxd4 f6 12. Bxe6+ Kh8 13. Bxd7 Bxd7 14. e6 Bxe6 15.
O-O Rfe8 16. Kg2 Rac8 17. h3 Bf5 18. Nc3 Be4 19. Na4 Qxd4 20. Nc3 Bc5 21. Bd2
Qd3 22. Be1 Nd4 23. Nxe4 Qxe4 24. Rc1 Nf5 25. Bf2 Bxf2 26. Kxf2 Ne3 27. Qb3 Nxf1
0-1

[Event "XXVI Miedzynarodowy Festiwal Szachowy w Poznaniu - OPEN A"]
[Site "Poznan"]
[Date "2018-08-26"]
[Round "9.14"]
[White "Zadymov, Ihor"]
[Black "Polarczyk, Pawel "]
[Result "1/2-1/2"]
[WhiteTitle ""]
[BlackTitle ""]
[WhiteElo "2102"]
[BlackElo "1811"]

1. d4 d5 2. Nf3 Nf6 3. c4 g6 4. g3 c6 5. Bg2 Bg7 6. O-O O-O 7. Nc3 Re8 8. Ne5 dxc4
9. Nxc4 Nd5 10. Nxd5 cxd5 11. Ne5 e6 12. b3 Nd7 13. f4 Qb6 14. Kh1 f5 15. Ba3
Qa5 16. Bd6 Qb6 17. Ba3 Qa5 18. Bb2 Nf6 19. Qe1 Qxe1 20. Rfxe1 Bd7 21. Rac1 Rac8
22. a4 Rxc1 23. Rxc1 Rc8 24. Rxc8+ Bxc8 25. h3 Ne4 26. Bxe4 Bxe5 27. dxe5 dxe4
28. Kg1 Kf7 29. Kf2 Ke7 30. Ke3 Bd7 31. Kd4 Bc6 32. Ba3+ Kd7 33. Bd6 Bd5 34. Kc3
Kc6 35. e3 Kd7 36. b4 Ba2 37. b5 a6 38. Kb4 axb5 39. axb5 Bd5 40. Kc5 Bb3 41.
Kb6 Bc4 42. Kc5 Bb3 43. Bf8 h5 44. Kb6 Bc4 1/2-1/2